000 00263nam a2200121 a 4500
001 4140
005 20140414132040.0
008 090218s19uu xx 00 eng d
050 _aBB
_bQ2 2006
100 _aDe Jesus, Rafael
245 _aQuack!.
999 _c113823
_d113823